000 00646nam a2200277Ia 4500
005 20260324115016.0
008 008 260324s9999 xx 000 0 eng d
020 _a9781003087519
037 _aEBOOK
040 _aCRL
040 _beng
040 _cCRL
041 _2eng
041 _aeng
084 _qCRL
100 _aKenji Uchino
_91153013
245 0 _aHigh-Power Piezoelectrics and Loss Mechanisms
260 _bTaylor and Francis
260 _c2020
365 _a
365 _b180
856 _uhttp://www.taylorfrancis.com/books/9781003087519
942 _cEBOOK
999 _c1743556
_d1743556